|
|
|
|
| LEADER |
01021nam a2200277 i 4500 |
| 001 |
c000075788 |
| 003 |
CARM |
| 005 |
00000000000000.0 |
| 008 |
801007r19801978enk 00011 eng d |
| 015 |
|
|
|a B8028734
|
| 019 |
1 |
|
|a 1829983
|5 LACONCORD2021
|
| 020 |
|
|
|a 0727806343 :
|c L.4.95 : CIP rev.
|
| 035 |
|
|
|a (OCoLC)16485564
|5 LACONCORD2021
|
| 100 |
1 |
|
|a Cleary, Denis,
|d 1927-.
|
| 240 |
1 |
4 |
|a The Capricorn run
|
| 245 |
1 |
4 |
|a The hook /
|c Denis Cleary and Frank Maher.
|
| 260 |
|
|
|a London :
|b Severn House,
|c 1980, c1979.
|
| 300 |
|
|
|a 155 p. ;
|c 21cm.
|
| 500 |
|
|
|a Fiction in English,. 1945- - Texts (BNB/PRECIS)
|
| 500 |
|
|
|a Originally published: London : New English Library, 1978.
|
| 650 |
|
0 |
|a English fiction.
|
| 700 |
1 |
|
|a Maher, Frank.
|
| 852 |
8 |
|
|b CARM
|h A2:AG02G0
|i A01626
|p 0122276
|f BK
|
| 082 |
0 |
4 |
|a 823/.914
|a 823/.914
|2 18
|
| 999 |
f |
f |
|i 42fa1ca9-48c4-5811-865a-2eb4d37b6171
|s 651cc1d3-cca7-52b8-bd8b-699bd2a9d11f
|
| 952 |
f |
f |
|p Can circulate
|a CAVAL
|b CAVAL
|c CAVAL
|d CARM 1 Store
|e A01626
|f A2:AG02G0
|h Other scheme
|i book
|m 0122276
|